000
00341nam a2200133Ia 4500
008
231129s9999||||xx |||||||||||||| ||spa||
020
_a
950-04-0205-X
040
_b
spa
082
_a
A863 B732f
100
_a
Borges Jorge Luis
245
0
_a
Ficciones
264
_a
Emecé Editores
942
_2
ddc
_c
BKS
999
_c
13921
_d
13921